[Event "15th Governor Cup 2019"]
[Site "Khanty-Mansiysk"]
[Date "2019.11.25"]
[Round "9.5"]
[White "Rakhmanov, Aleksandr"]
[Black "Afanasiev, Nikita"]
[Result "0-1"]
[WhiteElo "2638"]
[BlackElo "2508"]
[Annotator "TA"]
[PlyCount "128"]
[EventDate "2019.11.19"]
[EventType "swiss"]
[EventCountry "RUS"]
[SourceTitle "playchess.com"]
[Source "ChessBase"]
[SourceQuality "1"]

{[%evp 20,128,29,27,34,9,5,14,16,13,13,9,7,15,17,6,0,0,0,8,22,0,0,0,0,-13,0,0,0,0,0,-14,8,0,0,0,0,-12,-12,-11,-14,-14,-2,-2,0,0,0,0,0,0,0,0,0,0,0,0,0,0,0,0,0,0,0,-43,-43,-47,-48,-52,-62,-62,-58,-80,-67,-87,-97,-95,-97,-100,-84,-177,-178,-241,-229,-325,-320,-312,-295,-592,-566,-626,-557,-867,-862,-837,-742,-1362,-1227,-677,-677,-677,-677,-1345,-1243,-7914,-6614,-5462,-5470,-5462,-5462,-5065,-4265]} 1. d4 Nf6 2. c4 e6 3. Nc3 Bb4 4. e3 O-O 5. Bd3 d5 6. Nge2 b6 7. a3 Bxc3+ 8. Nxc3 Ba6 9. cxd5 Bxd3 10. Qxd3 exd5 11. O-O Re8 {E44: Nimzo-Indian: Rubinstein: 4...b6 5 Ne2} 12. f3 (12. b3 Nbd7 13. a4 Nf8 14. Ba3 Ne6 15. Rac1 c6 16. Rc2 Rc8 17. Rfc1 Qd7 18. Qf5 h6 19. Ne2 Qb7 {½-½ (19) Biolek,R (2418)-Babula,V (2553) Ostrava 2014}) 12... c5 $146 ({Predecessor:} 12... Nbd7 13. Rd1 Qe7 14. Qb5 Qe6 15. Ne2 Rac8 16. b4 h5 17. Nf4 Qd6 18. Ra2 c6 19. Qd3 {0-1 (52) Alexis,F-Peng,S (2297) Grapevine 2019}) 13. Bd2 Nc6 {The position is equal.} 14. Be1 cxd4 15. exd4 Qd7 16. Bh4 Re6 17. Rad1 h6 18. Qf5 Ne7 19. Qh3 Rd8 20. Bg3 Rc6 21. Qxd7 Rxd7 22. Rfe1 Kf8 23. Bb8 Rc8 24. Be5 Ne8 25. Rc1 Nd6 26. b3 f6 27. Bf4 Nef5 28. Bxd6+ Nxd6 29. Nxd5 Rxc1 30. Rxc1 $11 {[%mdl 4096] Endgame KRN-KRN} Nb5 31. Ne3 Nxd4 {aiming for ...Ne2+.} 32. Rc8+ Kf7 33. b4 Ne6 34. Ra8 Nf4 35. g3 Ne2+ 36. Kf2 Nc3 37. h4 h5 38. g4 Kg6 39. Nf5 Nb5 40. a4 Nd4 41. Ng3 hxg4 42. fxg4 Nc6 43. Ne2 Nxb4 44. Nf4+ Kf7 45. Rc8 Na6 46. g5 fxg5 $1 47. hxg5 Nc5 48. g6+ Ke7 49. a5 (49. Kf3 $17) 49... Ne6 $19 50. Nh5 (50. Nxe6 {is a better defense.} Kxe6 51. axb6) 50... bxa5 51. Rg8 {[#]} (51. Ke3 {was worth a try.}) 51... Kd6 $1 52. Ke3 a4 {[%cal Ba5a4,Ba4a3][%mdl 32] ...a3 is the strong threat.} 53. Rb8 $2 (53. Rc8) 53... Kc6 {Black is clearly winning.} 54. Ng3 Nc5 55. Nf5 a3 56. Rb1 Rd3+ 57. Ke2 a2 58. Ra1 Rh3 59. Nxg7 Nb3 60. Rxa2 {[#] And now Ra6+ would win.} Rh2+ $1 61. Kf3 Nd4+ 62. Ke4 Rxa2 63. Kxd4 Rg2 64. Nf5 Kd7 {Accuracy: White = 39%, Black = 80%.} 0-1

[Event "15th Governor Cup 2019"]
[Site "Khanty-Mansiysk"]
[Date "2019.11.25"]
[Round "9.6"]
[White "Bocharov, Dmitry"]
[Black "Lugovskoy, Maxim"]
[Result "1/2-1/2"]
[WhiteElo "2519"]
[BlackElo "2444"]
[Annotator "TA"]
[PlyCount "137"]
[EventDate "2019.11.19"]
[EventType "swiss"]
[EventCountry "RUS"]
[SourceTitle "playchess.com"]
[Source "ChessBase"]
[SourceQuality "1"]

{[%evp 13,137,10,12,11,31,7,16,20,17,3,11,0,14,-17,-33,-29,-42,-29,-30,-55,-55,-47,-52,-37,-52,-78,-77,-85,-73,-77,-75,-79,-77,-79,-72,-78,-80,-109,-116,-96,-118,-102,-89,-85,-79,-74,-79,-110,-85,-100,-106,-141,-113,-110,-125,-118,-118,-118,-114,-106,-105,-112,-112,-125,-118,-110,-27,-70,-63,-70,-70,-67,-57,-67,-43,-59,-35,-37,-37,-45,0,0,0,0,0,0,-8,-8,0,0,0,0,0,0,0,0,755,738,733,733,960,713,715,699,708,699,669,603,706,69,69,43,69,-1389,13,13,13,13,13,13,13,0,0,0,0,0]} 1. Nf3 e6 2. c4 Nf6 3. b3 b6 4. g3 Bb7 5. Bg2 Be7 6. O-O O-O 7. Bb2 d5 8. cxd5 {A14: English Opening: 1...e6 with b3 by White} (8. e3 Nbd7 9. Nc3 c5 10. Qe2 a6 11. Rfd1 Rc8 12. Rab1 Re8 13. Ba1 Bf8 14. h3 d4 15. exd4 Bxf3 16. Bxf3 cxd4 17. Ne4 Nxe4 18. Bxe4 {0-1 (53) Duda,J (2729)-Dubov,D (2700) Paris 2019}) 8... Bxd5 9. d3 Bb7 10. Nbd2 $146 ({Predecessor:} 10. e4 c5 11. Nc3 Nc6 12. e5 Nd5 13. Nxd5 Qxd5 14. Ng5 Qd7 15. Ne4 Nd4 {½-½ (63) Huang,Q (2473)-Khotenashvili,B (2513) Sochi 2015}) 10... c5 11. Rc1 Nc6 {[%cal Bb8c6,Bc6b4,Bb4a2][%mdl 32]} 12. Nc4 Rc8 13. e4 Nb4 14. e5 Ne8 15. d4 b5 16. Ne3 Nxa2 17. Ra1 Nb4 $1 18. Rxa7 Qb6 19. Qa1 Nc7 $36 {[%mdl 2048] White is under strong pressure.} 20. Qa5 Qxa5 21. Rxa5 Rfd8 22. Rd1 {[#]} Be4 $1 23. dxc5 Bxc5 24. Raa1 Bxe3 25. fxe3 {[#]} Ncd5 $1 26. Ne1 Bxg2 27. Nxg2 Nc2 28. Ra5 Ncxe3 29. Nxe3 Nxe3 30. Rxd8+ Rxd8 31. Rxb5 $17 {[%mdl 4096] Endgame KRB-KRN} h5 32. Ba3 Rd2 33. Bc5 Ng4 34. h3 Nxe5 35. Be3 Nf3+ 36. Kf1 Rb2 37. b4 e5 38. Rb8+ Kh7 39. b5 f5 (39... h4 $17 40. gxh4 Nxh4) 40. h4 Nh2+ 41. Kg1 Ng4 42. Bc5 Nf6 43. Bd6 e4 44. Bf4 Nd5 45. Be5 Rb1+ 46. Kf2 Nb4 {Threatens to win with ...Nd3+.} 47. Ke2 Nd3 48. Bd4 Rb4 49. Ke3 Rb3 50. Kd2 $1 Nb4 {Strongly threatening ...Rd3+.} 51. Be5 Rd3+ 52. Ke2 Rd5 53. Bc3 Nc2 54. b6 {[%cal Bb5b6,Bb6b7][%mdl 32] And now Rb7 would win.} Rd3 $2 {[%mdl 8192]} (54... Rc5 $11 55. Kd2 Ne1) 55. Rc8 $18 Rd7 56. Rc7 Nd4+ 57. Ke3 Nc2+ {[#]} 58. Kf4 $1 {[%mdl 512]} Rd5 {If only Black now had time for ...Nd4....} 59. b7 Rb5 60. Bxg7 Nb4 {aiming for ...Nd5+.} 61. Be5+ $2 (61. Kg5 $18 {Intending Bf6+ and mate.} Na6 62. Re7) 61... Kg6 $14 {[%cal Rb4d5]} 62. Rg7+ Kh6 {White must now prevent ...Nd3+.} 63. Re7 $2 {[%mdl 8192]} (63. Rg8 $14 Nd5+ 64. Kxf5 Ne7+ 65. Kxe4 Rb4+ 66. Ke3 Nxg8 67. b8=Q Rxb8 68. Bxb8) 63... Nd3+ $2 (63... Nd5+ $19 64. Kxf5 Nxe7+ 65. Kxe4 Rxb7) 64. Kxf5 $11 {The position is equal.} Nxe5 65. Rxe5 Rxb7 66. Re6+ Kh7 67. Rxe4 Rf7+ 68. Kg5 Rf3 69. Re7+ {Accuracy: White = 65%, Black = 64%.} 1/2-1/2

[Event "15th Governor Cup 2019"]
[Site "Khanty-Mansiysk"]
[Date "2019.11.25"]
[Round "9.7"]
[White "Bilguun, Sumiya"]
[Black "Rozum, Ivan"]
[Result "0-1"]
[WhiteElo "2496"]
[BlackElo "2593"]
[Annotator "TA"]
[PlyCount "118"]
[EventDate "2019.11.19"]
[EventType "swiss"]
[EventCountry "RUS"]
[SourceTitle "playchess.com"]
[Source "ChessBase"]
[SourceQuality "1"]

{[%evp 16,118,35,30,26,36,31,22,31,24,42,0,0,0,6,0,18,0,0,0,12,0,0,0,23,0,0,0,12,0,0,0,0,0,19,0,0,0,0,-80,-69,-58,-62,-90,-97,-124,-143,-137,-121,-119,-110,-236,-237,-237,-237,-223,-206,-454,-198,-193,0,0,0,0,0,0,0,0,0,0,0,0,0,0,0,0,0,0,0,0,0,0,0,-8,-8,-906,-905,-906,-743,-880,-880,-880,-284,-29969,-29970,-29972,-29973,-29968,-29969,-29965,-12849,-29975,-29975,-6128,-5106]} 1. e4 d6 2. d4 Nf6 3. Nc3 e5 4. Nf3 Nbd7 5. Bc4 Be7 6. O-O O-O 7. Re1 c6 8. a4 a5 9. h3 Nb6 {C41: Philidor Defence} 10. Ba2 Nfd7 11. Be3 exd4 {The position is equal.} 12. Bxd4 Nc5 13. Bxc5 dxc5 14. Qe2 Qd6 15. Rad1 Qg6 16. Ne5 Qg5 17. Nf3 Qg6 18. Ne5 Qg5 19. Nf3 Qh6 {[#]} 20. Ne5 $146 ({Predecessor:} 20. Nh2 Be6 {½-½ (33) Friedel,J (2531)-Jovanovic,Z (2577) Pardubice 2011}) 20... Be6 21. Ng4 Qg6 22. Bxe6 Qxe6 23. f4 Bh4 24. Nf2 Rfd8 25. Rf1 Qc4 26. Nd3 Be7 27. e5 (27. Qg4 $11) 27... Nxa4 $17 28. Nxa4 Qxa4 29. f5 {[#] Hoping for f6.} c4 $1 {[%cal Rc4d3]} 30. Nf4 Rxd1 31. Qxd1 {[#]} c3 $1 $36 {[%mdl 2560] Black has strong initiative.} 32. bxc3 Qe4 33. e6 (33. Qd7 $17 Qxe5 34. Qxb7) 33... Qxf5 $19 34. Qd7 Bc5+ 35. Kh2 Rf8 {And now ...fxe6 would win.} 36. Rf3 $2 (36. Nd3 {was the only chance.} Qxe6 37. Nxc5 Qe5+ {[%mdl 64] Double Attack} 38. Kh1 Qxc5 39. Qxb7) 36... fxe6 (36... Qe5 $142 37. g3 fxe6) 37. Nd3 Qd5 $2 ({Black should try} 37... Qg5 $19 {White must now prevent ...Rxf3.} 38. Rxf8+ Bxf8 39. Qxe6+ Kh8) 38. Qxd5 $11 exd5 39. Nxc5 Rxf3 40. gxf3 {[%mdl 4096] Endgame KN-KP} b6 41. Nd3 a4 {[%cal Ba5a4,Ba4a3][%mdl 32]} 42. Kg3 a3 {Threatens to win with ...a2.} 43. Nc1 Kf7 44. Kf4 Kf6 45. h4 b5 46. Na2 Ke6 47. Nc1 Kd6 48. Na2 Kc5 49. Ke3 Kc4 50. f4 $2 {[%mdl 8192] [#]} (50. h5 $11) 50... h5 $1 $19 51. f5 c5 52. Kf4 b4 53. cxb4 cxb4 {...d4 is the strong threat.} 54. Kg5 $2 {[#]} (54. Ke3 $19 d4+ 55. Kd2) 54... b3 $1 {[%mdl 512]} 55. cxb3+ Kxb3 56. Nc1+ Kc2 57. Na2 d4 58. Kg6 d3 59. Nb4+ Kc3 {Accuracy: White = 41%, Black = 81%.} 0-1

[Event "15th Governor Cup 2019"]
[Site "Khanty-Mansiysk"]
[Date "2019.11.25"]
[Round "9.8"]
[White "Iljiushenok, Ilia"]
[Black "Lysenko, Margarita"]
[Result "1/2-1/2"]
[WhiteElo "2532"]
[BlackElo "2243"]
[Annotator "ChessBase"]
[PlyCount "80"]
[EventDate "2019.11.19"]
[EventType "swiss"]
[EventCountry "RUS"]
[SourceTitle "playchess.com"]
[Source "ChessBase"]
[SourceQuality "1"]
[TimeControl "5400+30"]

1. e4 {[%emt 0:00:00]} c5 {[%emt 0:00:00]} 2. Nf3 {[%emt 0:00:00]} d6 {[%emt 0:00:00]} 3. Bb5+ {[%emt 0:00:00]} Nd7 {[%emt 0:00:00]} 4. Ba4 {[%emt 0:00:00]} a6 {[%emt 0:00:56]} 5. c4 {[%emt 0:00:00]} Ngf6 {[%emt 0:00:56]} 6. Nc3 {[%emt 0:00:03]} g6 {[%emt 0:03:24]} 7. O-O {[%emt 0:00:17]} Bg7 {[%emt 0:00:09]} 8. d3 {[%emt 0:00:05]} O-O {[%emt 0:00:27]} 9. h3 {[%emt 0:00:03]} b6 {[%emt 0:15:43]} 10. Be3 {[%emt 0:00:56]} Bb7 {[%emt 0:00:10]} 11. Rb1 {[%emt 0:01:31]} e6 {[%emt 0:03:55]} 12. b4 {[%emt 0:04:11]} Qc7 {[%emt 0:02:55]} 13. Qd2 {[%emt 0:04:48]} Rfd8 {[%emt 0:06:19]} 14. Rfc1 {[%emt 0:02:13]} Nf8 {[%emt 0:14:54]} 15. Bg5 {[%emt 0:03:03]} e5 {[%emt 0:11:04]} 16. Nd5 {[%emt 0:10:17]} Bxd5 {[%emt 0:03:03]} 17. cxd5 {[%emt 0:00:05]} b5 {[%emt 0:04:11]} 18. Bd1 {[%emt 0:03:07]} N8d7 {[%emt 0:00:47]} 19. a4 {[%emt 0:01:13]} Rdb8 {[%emt 0:01:50]} 20. Be3 {[%emt 0:03:14]} Bf8 {[%emt 0:05:19]} 21. Qa2 {[%emt 0:03:59]} Qd8 {[%emt 0:04:02]} 22. Nd2 {[%emt 0:03:43]} cxb4 {[%emt 0:01:59]} 23. Rxb4 {[%emt 0:01:22]} Nc5 {[%emt 0:00:45]} 24. Qa3 {[%emt 0:03:47]} Nfd7 {[%emt 0:02:51]} 25. Rcb1 {[%emt 0:01:52]} Be7 {[%emt 0:04:03]} 26. axb5 {[%emt 0:07:24]} axb5 {[%emt 0:00:12]} 27. Qc3 {[%emt 0:00:35]} Rc8 {[%emt 0:02:17]} 28. Bxc5 {[%emt 0:09:52]} Nxc5 {[%emt 0:00:57]} 29. Bg4 {[%emt 0:09:45]} Nxe4 {[%emt 0:03:59]} 30. Qb2 {[%emt 0:00:06]} Nxd2 {[%emt 0:00:32]} 31. Qxd2 {[%emt 0:00:03]} Rc5 {[%emt 0:01:17]} 32. Rxb5 {[%emt 0:00:14]} Rxb5 {[%emt 0:00:14]} 33. Rxb5 {[%emt 0:00:02]} Rb8 {[%emt 0:01:40]} 34. Rxb8 {[%emt 0:00:59]} Qxb8 {[%emt 0:00:06]} 35. Qc2 {[%emt 0:00:25]} h5 {[%emt 0:00:51]} 36. Qc8+ {[%emt 0:00:08]} Qxc8 {[%emt 0:00:08]} 37. Bxc8 {[%emt 0:00:02]} Bd8 {[%emt 0:00:14]} 38. Kf1 {[%emt 0:00:03]} Bb6 {[%emt 0:00:09]} 39. Ke2 {[%emt 0:00:03]} Kg7 {[%emt 0:00:12]} 40. Bd7 {[%emt 0:00:06]} Kf6 {[%emt 0:00:07]} 1/2-1/2

[Event "15th Governor Cup 2019"]
[Site "Khanty-Mansiysk"]
[Date "2019.11.25"]
[Round "9.9"]
[White "Nesterov, Arseniy"]
[Black "Khanin, Semen"]
[Result "0-1"]
[WhiteElo "2489"]
[BlackElo "2503"]
[Annotator "TA"]
[PlyCount "78"]
[EventDate "2019.11.19"]
[EventType "swiss"]
[EventCountry "RUS"]
[SourceTitle "playchess.com"]
[Source "ChessBase"]
[SourceQuality "1"]

{[%evp 9,78,-7,2,0,2,-4,8,0,-3,-23,-14,-22,-24,-18,-16,-44,-5,-12,-14,-18,-18,-28,-28,-17,-20,-27,-10,-50,-37,-43,-47,-48,-40,-45,-42,-53,-53,-34,-43,-59,-74,-56,-57,-75,-72,-41,-27,-42,0,0,0,0,0,0,0,0,0,-362,-357,-569,-567,-726,-726,-1213,-758,-1145,-981,-4918,-4918,-4822,-4794]} 1. c4 e5 2. g3 c6 3. Bg2 d5 4. cxd5 cxd5 5. d4 e4 6. Nc3 {A20: English Opening: 1...e5} Bb4 7. Nh3 Nf6 8. O-O {The position is equal.} O-O (8... Bxc3 9. bxc3 O-O 10. f3 exf3 11. Rxf3 h6 12. Qf1 Nbd7 {½-½ (50) Aronian,L (2785)-Anand,V (2779) Doha 2016}) 9. Bg5 Bxc3 $1 10. bxc3 Nbd7 {[%cal Bb8d7,Bd7b6,Bb6c4][%mdl 32]} 11. f3 h6 12. Bf4 exf3 $146 ({Predecessor:} 12... Nb6 13. Nf2 Bf5 14. fxe4 Nxe4 15. Nxe4 Bxe4 16. Bxe4 dxe4 {0-1 (37) Smit,F (2057)-Jerkovic,L (2061) ICCF email 2015}) 13. exf3 Nb6 14. g4 Bd7 15. a4 Nc4 16. Nf2 b5 17. axb5 Bxb5 18. Qb3 a6 19. Rfe1 Re8 20. Nd3 Rxe1+ 21. Rxe1 Na5 22. Qc2 Bxd3 23. Qxd3 Nc4 24. Be5 a5 25. f4 Nxg4 26. h3 Nge3 ({Don't blunder} 26... Ncxe5 $2 27. fxe5 a4 28. hxg4 $18) 27. Rxe3 Nxe3 28. Qxe3 {[#] Black must now prevent Qg3!} a4 (28... Rc8 $5 {[%cal Rf7f6]} 29. f5 a4 $11) 29. Qg3 $1 {[%csl Ge5][%cal Rg3g7]} g6 {...a3 is the strong threat.} 30. f5 $1 {[%cal Rf5g6]} g5 {Strongly threatening ...a3.} 31. Qf2 $1 a3 {Hoping for ...a2.} 32. Qa2 Ra5 33. c4 $2 {[%mdl 8192]} (33. f6 $1 $11 {and White has nothing to worry.}) 33... dxc4 $19 34. d5 (34. Bf1 {was the only chance.} Qb6 35. Kh1) 34... Qb6+ {Black is clearly winning.} 35. Kh2 Qe3 36. Bc7 Ra4 37. Bg3 Rb4 {Threatens to win with ...Rb2!} 38. Bf2 Qe5+ {[%mdl 64] [#] Double Attack} 39. Bg3 Qb2 {Accuracy: White = 44%, Black = 91%.} 0-1

[Event "15th Governor Cup 2019"]
[Site "Khanty-Mansiysk"]
[Date "2019.11.25"]
[Round "9.10"]
[White "Belyakov, Bogdan"]
[Black "Savitskiy, Sergey"]
[Result "1/2-1/2"]
[WhiteElo "2495"]
[BlackElo "2396"]
[Annotator "ChessBase"]
[PlyCount "50"]
[EventDate "2019.11.19"]
[EventType "swiss"]
[EventCountry "RUS"]
[SourceTitle "playchess.com"]
[Source "ChessBase"]
[SourceQuality "1"]
[TimeControl "5400+30"]

1. e4 {[%emt 0:00:00]} c6 {[%emt 0:00:00]} 2. d4 {[%emt 0:00:00]} d5 {[%emt 0:00:14]} 3. exd5 {[%emt 0:00:00]} cxd5 {[%emt 0:00:03]} 4. c4 {[%emt 0:00:04]} Nf6 {[%emt 0:00:53]} 5. Nc3 {[%emt 0:00:07]} Nc6 {[%emt 0:00:03]} 6. Nf3 {[%emt 0:00:09]} Bg4 {[%emt 0:00:26]} 7. cxd5 {[%emt 0:00:56]} Nxd5 {[%emt 0:00:12]} 8. Qb3 {[%emt 0:00:06]} Bxf3 {[%emt 0:00:27]} 9. gxf3 {[%emt 0:00:21]} e6 {[%emt 0:00:23]} 10. Qxb7 {[%emt 0:00:52]} Nxd4 {[%emt 0:00:23]} 11. Bb5+ {[%emt 0:00:40]} Nxb5 {[%emt 0:00:24]} 12. Qc6+ {[%emt 0:00:07]} Ke7 {[%emt 0:00:05]} 13. Qxb5 {[%emt 0:00:06]} Qd7 {[%emt 0:00:50]} 14. Nxd5+ {[%emt 0:00:18]} Qxd5 {[%emt 0:00:32]} 15. Qxd5 {[%emt 0:00:08]} exd5 {[%emt 0:00:03]} 16. O-O {[%emt 0:02:57]} Ke6 {[%emt 0:08:38]} 17. Re1+ {[%emt 0:02:31]} Kf5 {[%emt 0:01:53]} 18. Rd1 {[%emt 0:06:21]} Rd8 {[%emt 0:02:36]} 19. Be3 {[%emt 0:02:09]} Rd7 {[%emt 0:01:06]} 20. Rac1 {[%emt 0:18:42]} Be7 {[%emt 0:00:32]} 21. Rc4 {[%emt 0:07:18]} Bf6 {[%emt 0:12:25]} 22. Rf4+ {[%emt 0:00:30]} Kg6 {[%emt 0:00:09]} 23. Rg4+ {[%emt 0:01:04]} Kf5 {[%emt 0:00:44]} 24. Rf4+ {[%emt 0:05:02]} Kg6 {[%emt 0:00:22]} 25. Rg4+ {[%emt 0:14:31]} Kf5 {[%emt 0:00:23]} 1/2-1/2

[Event "15th Governor Cup 2019"]
[Site "Khanty-Mansiysk"]
[Date "2019.11.25"]
[Round "9.11"]
[White "Bocharov, Ivan"]
[Black "Najdin, Danil"]
[Result "1-0"]
[WhiteElo "2571"]
[BlackElo "2357"]
[Annotator "ChessBase"]
[PlyCount "69"]
[EventDate "2019.11.19"]
[EventType "swiss"]
[EventCountry "RUS"]
[SourceTitle "playchess.com"]
[Source "ChessBase"]
[SourceQuality "1"]
[TimeControl "5400+30"]

1. e4 {[%emt 0:00:07]} e5 {[%emt 0:00:05]} 2. Nf3 {[%emt 0:00:11]} Nc6 {[%emt 0:00:05]} 3. Bb5 {[%emt 0:00:03]} a6 {[%emt 0:00:24]} 4. Ba4 {[%emt 0:00:06]} Nf6 {[%emt 0:00:13]} 5. O-O {[%emt 0:00:07]} b5 {[%emt 0:00:17]} 6. Bb3 {[%emt 0:00:05]} Bc5 {[%emt 0:00:03]} 7. Nxe5 {[%emt 0:00:27]} Nxe5 {[%emt 0:00:12]} 8. d4 {[%emt 0:00:02]} Bxd4 {[%emt 0:00:24]} 9. Qxd4 {[%emt 0:00:06]} d6 {[%emt 0:00:19]} 10. c3 {[%emt 0:09:12]} c5 {[%emt 0:03:32]} 11. Qd1 {[%emt 0:00:43]} Bb7 {[%emt 0:03:53]} 12. f3 {[%emt 0:02:00]} O-O {[%emt 0:04:32]} 13. Be3 {[%emt 0:05:01]} Rc8 {[%emt 0:12:27]} 14. Qe2 {[%emt 0:08:48]} d5 {[%emt 0:09:09]} 15. Rd1 {[%emt 0:02:05]} c4 {[%emt 0:00:59]} 16. Bc2 {[%emt 0:00:12]} Qe7 {[%emt 0:00:31]} 17. f4 {[%emt 0:00:59]} Neg4 {[%emt 0:04:56]} 18. e5 {[%emt 0:01:49]} Nxe3 {[%emt 0:00:12]} 19. Qxe3 {[%emt 0:00:46]} Ng4 {[%emt 0:06:57]} 20. Qg3 {[%emt 0:00:15]} Qc5+ {[%emt 0:02:51]} 21. Rd4 {[%emt 0:00:14]} f5 {[%emt 0:05:48]} 22. Nd2 {[%emt 0:03:05]} g6 {[%emt 0:02:56]} 23. h3 {[%emt 0:08:07]} Nh6 {[%emt 0:02:58]} 24. a3 {[%emt 0:04:27]} a5 {[%emt 0:03:57]} 25. Nf3 {[%emt 0:00:30]} b4 {[%emt 0:01:34]} 26. Ng5 {[%emt 0:01:00]} bxc3 {[%emt 0:01:07]} 27. bxc3 {[%emt 0:00:05]} Rc6 {[%emt 0:01:07]} 28. Qh4 {[%emt 0:02:55]} Kg7 {[%emt 0:00:10]} 29. Kh2 {[%emt 0:01:41]} Rb6 {[%emt 0:04:12]} 30. Rb1 {[%emt 0:00:04]} Rb8 {[%emt 0:00:35]} 31. Rxb6 {[%emt 0:03:07]} Qxb6 {[%emt 0:00:17]} 32. Ba4 {[%emt 0:00:01]} Bc8 {[%emt 0:05:05]} 33. Rxd5 {[%emt 0:03:10]} Qe3 {[%emt 0:04:33]} 34. Nf3 {[%emt 0:08:34]} Ng8 {[%emt 0:03:22]} 35. Rd8 {[%emt 0:00:43]} 1-0

[Event "15th Governor Cup 2019"]
[Site "Khanty-Mansiysk"]
[Date "2019.11.25"]
[Round "9.12"]
[White "Potapov, Pavel"]
[Black "Mochalin, Faddey"]
[Result "1-0"]
[WhiteElo "2489"]
[BlackElo "2188"]
[Annotator "TA"]
[PlyCount "89"]
[EventDate "2019.11.19"]
[EventType "swiss"]
[EventCountry "RUS"]
[SourceTitle "playchess.com"]
[Source "ChessBase"]
[SourceQuality "1"]

{[%evp 9,89,8,41,37,46,19,23,23,25,23,37,31,67,58,85,81,84,90,80,86,83,80,86,57,102,72,144,128,138,131,130,0,116,60,137,142,142,142,201,181,191,200,215,210,267,268,313,278,314,272,280,278,270,241,420,409,940,927,957,950,952,947,927,913,879,764,868,886,860,850,986,1029,1072,953,934,911,1383,1333,1891,1503,1699,1663]} 1. e4 e6 2. d4 d5 3. Nd2 Be7 4. c3 c5 5. dxc5 Bxc5 6. Bd3 {C03: French Tarrasch: Unusual Black 3rd moves} Nf6 (6... Nc6 7. Ngf3 Nf6 8. O-O O-O 9. e5 Nd7 10. Nb3 Bb6 11. Re1 f6 12. exf6 Nxf6 13. Nbd4 Qd6 14. Be3 Ng4 15. Bxh7+ Kh8 16. Bc2 e5 17. Nxc6 Nxe3 18. Rxe3 Bxe3 19. Ncxe5 Bxf2+ {1-0 (49) Vallejo Pons,F (2716)-Sadorra,J (2560) Baku 2016}) 7. Qe2 O-O 8. e5 {White has an edge.} Nfd7 9. Ngf3 Nc6 10. Nb3 Be7 11. O-O b6 12. Nbd4 $146 ({Predecessor:} 12. Re1 Nc5 13. Bc2 Ba6 14. Qe3 f5 15. exf6 Rxf6 16. Nbd4 Bb7 {1-0 (37) Ankit,R (2460)-Donovan,L (2276) Vlissingen 2015}) 12... Bb7 13. Re1 Nc5 14. Bc2 Rc8 15. Nxc6 Bxc6 16. Nd4 Re8 17. Qg4 ({Of course not} 17. Qh5 g6 $11) 17... Bb7 (17... f5 $142 18. exf6 Bxf6) 18. Bh6 $16 {[%csl Gh6][%cal Rg4g7]} Bf8 19. Bg5 Be7 20. Bh6 $40 {[%csl Gh6][%cal Rg4g7][%mdl 128] Black needs to defend precisely.} Bf8 21. Re3 ({Better is} 21. Nb5 $16) 21... g6 (21... Ne4 $1 $14) 22. Bg5 Be7 {[#]} 23. h4 $1 h5 (23... Ne4 $16) 24. Qf4 $18 Bxg5 25. hxg5 Kg7 26. Nb5 ({Less strong is} 26. Rf3 Rf8 $14) 26... Rb8 {[#]} 27. Nd6 $1 {[%mdl 512]} Rf8 28. Rh3 Qe7 29. Rd1 Bc6 30. Rd4 Rh8 31. g4 Rbg8 $2 (31... h4 32. Rf3 Rbf8) 32. b4 hxg4 (32... Nb7 $142 33. b5 Bxb5 34. Nxb5 hxg4) 33. Qf6+ {White is clearly winning.} Qxf6 34. gxf6+ Kf8 35. Rxh8 Rxh8 36. bxc5 bxc5 37. Rxg4 Rh5 38. Ba4 Ba8 39. f4 d4 40. cxd4 cxd4 41. Rg3 {Threatens to win with Rb3.} Rh1+ 42. Kf2 Bd5 43. Bb3 Rh2+ 44. Ke1 Bc6 45. Rd3 {Accuracy: White = 85%, Black = 29%.} 1-0